000 00484nam a2200181Ia 4500
001 4314
005 20260306145746.0
008 260306t2011||||xx |||||||||||||| ||spa||
041 _aESP
082 _a320.6
_bC78
100 _aAste Correa, Norma
_eAUT
245 0 _aVínculos entre conocimiento y política:
_bel rol de la investigación en el debate público en América Latina
260 _c2011
300 _a
_c
650 _aGEN
654 _aCDE
942 _cLIB
_dJUS
_fJUS
_2ddc
_n
999 _c4314
_d4314